000
00248 a2200109 4500
001
44117
040
_c
Anchieta - Aquarius
240
1
0
_a
As mais belas cantigas de roda
_l
245
1
0
_a
As mais belas cantigas de roda
650
4
_a
Música
942
_c
MU
999
_c
44117
_d
44117